| 000 | 00741cam a22002174a 4500 | ||
|---|---|---|---|
| 020 | _a1591398398 | ||
| 040 | _cDLC | ||
| 082 | 0 | 0 | _a658 JEA 2006 A113 Or. |
| 100 | 1 | _aRoss, Jeanne W. | |
| 245 | 1 | 0 |
_aEnterprise architecture as strategy : _bcreating a foundation for business execution / |
| 260 |
_aBoston, Mass. : _bHarvard Business School Press, _cc2006. |
||
| 300 |
_axviii, 234 p. : _bill. ; _c25 cm. |
||
| 650 | 0 | _aIndustrial management | |
| 650 | 0 | _aInformation technology | |
| 650 | 0 | _aStrategic planning. | |
| 700 | 1 | _aWeill, Peter. | |
| 700 | 1 | _aRobertson, David, | |
| 856 | 4 | 1 | _uhttp://www.loc.gov/catdir/toc/ecip0611/2006010226.html |
| 856 | 4 | 2 | _uhttp://www.loc.gov/catdir/enhancements/fy1311/2006010226-d.html |
| 942 | _cEK | ||
| 999 |
_c17392 _d17392 |
||